Il Maestro Di Vigevano

Guardado en:
Detalles Bibliográficos
Autor principal: Lucio Mastronardi
Formato: Libro
Lenguaje:lengua desconocida
Publicado: Oscar Mondatori
Etiquetas: Agregar Etiqueta
Sin Etiquetas, Sea el primero en etiquetar este registro!

MARC

LEADER 00000nam a2200000Ia 4500
001 R-834
003 CODICE-MESSINA
005 20260212102458.0
008 260211s9999 xx 000 0 und d
040 |c importazione_messina 
100 |a Lucio Mastronardi 
245 0 |a Il Maestro Di Vigevano 
260 |b Oscar Mondatori 
942 |2 ddc  |c BK 
952 |0 0  |1 0  |2 ddc  |4 0  |6 SCAFFALE_7_000000000000000__ROMANZI  |7 0  |9 31661  |a ME  |b ME  |d 2026-02-11  |l 0  |o SCAFFALE 7 - ROMANZI  |p R-834  |r 2026-02-11 23:52:41  |w 2026-02-11  |x [REVISIONARE]  |y BK 
999 |c 27326  |d 27326